000 00457nam a22001817a 4500
003 CEME
005 20210628202215.0
008 210317b xxu||||| |||| 00| 0 eng d
020 _a0-03-033354-7
040 _c.
082 _a621.38131 BUC
100 _aBuckman , A.Bruce
_958760
245 _aGuided wave photonics
260 _aNEW YORK
_bSAUNDER'S COLLEGE
_c1992
300 _aXIX,364P
650 _aGUIDED WAVE PHOTONICS
_958761
942 _cBK
_2ddc
999 _c568879
_d568879